000 00352nam a2200157Ia 4500
003 Ost
005 20260225132549.0
008 260225s9999||||xx |||||||||||||| ||und||
040 _cfsic
041 _afre
082 _a440
100 _aGaid mouloud
_eAuteur
245 0 _aLes berberes dans l'histoire /
245 0 _cGaid mouloud
942 _cكتاب
999 _c34027
_d34027